| 000 | 00915cab a2200277 4500 | ||
|---|---|---|---|
| 001 | WB3025-48 | ||
| 008 | 090401t1994 xxu||||| |||| 00| 0 eng d | ||
| 035 | _a(Sirsi) u29573 | ||
| 041 | _aeng | ||
| 245 | _aConstruction briefs in court? | ||
| 260 | _c1994 | ||
| 350 | _a0 | ||
| 490 |
_aNew Civil Engineer _v(1090) 30 June 1994, 10(1) |
||
| 520 | _aThe Institute of Commercial Litigators has applied to the Lord Chancellor`s Advisory Committee on Legal Education and Conduct for its members to act as solicitors in construction disputes. | ||
| 650 | _aCONSTRUCTION DISPUTES | ||
| 650 | _aICL | ||
| 650 | _aINSTITUTE OF COMMERCIAL LITIGATORS | ||
| 650 | _aLITIGATION | ||
| 650 | _aPROFESSIONAL INDEMNITY INSURANCE | ||
| 650 | _aQUANTITY SURVEYORS | ||
| 650 | _aSOLICITORS | ||
| 690 | _aLAW | ||
| 690 | _aMANAGEMENT-BUSINESS MANAGEMENT-PROFESSIONAL PRACTICE | ||
| 942 | _n0 | ||
| 948 | _c04/03/1997 | ||
| 999 |
_c19903 _d19903 |
||